000 00355nam a2200145Ia 4500
005 20251222141941.0
008 251222s9999||||xx |||||||||||||| ||spa||
020 _a9972426483
082 _a307.24/A62
100 _aAnsión, Juan
245 0 _aDesarrollo Humano entre el Mundo Rural y Urbano
250 _a1ra.ed.
264 _bPUCP - FIUC
942 _cLIB
999 _c9355
_d9355